000 00449nam a2200169Ia 4500
008 230711s9999||||xx |||||||||||||| ||und||
020 _a978-93-325-5517-4
041 _aENG
082 _a621.3815
_bRA-P
100 _aRashid,Muhammad H
245 0 _aIntroduction to PSice using OrCAD for circuits and electronics
250 _a3rd Ed.
260 _c2015
_aNew Delhi
_bPearson
300 _a456p.
650 _aElectrical Engineering
942 _cBK
999 _c6258
_d6258